000 01075nam a2200313Ia 4500
001 Para_1213
003 CHAP
008 220125s1997 xx 000 0 und d
010 _a199939
040 _cCHAP
090 _aPA TESIS 1179
100 _aCuevas Cuenca, Rafael
_930155
245 _aResistencia de diez clones avanzados de papa al tizón tartío Phytophthora infestans (Mont), De Bary en la zona noroeste del Estado de México /
_c por Rafael Cuevas Cuenca
260 _aChapingo, Méx. :
_b El autor
300 _a53 h.
502 _aTesis (Ing. Agr. Esp. en Parasitología Agrícola), UACh. Depto. Parasitología
650 7 _aPapas
_xEnfermedades
_2
_985227
650 _aPapa
_x plagas
_985270
650 _aPhytophthora infestans
_987925
650 _aTizon tardio de la papa
_9113451
710 _aUACh. Departamento Parasitología Agrícola
_9164025
901 _aPA TESIS 1179
902 _aA
905 _a0000001997 0000000000 00
910 _a1997
942 _cPARA
942 _cPARA
_d1
999 _c199939
_d199939